{"text_format":"1","workbook":"xlsx","n_sheets":3,"sheets":["Formato","Instructivo de Diligenciamiento","Listas"],"not_rendered":{"charts":0,"images":3,"macros":1,"external_links":0,"defined_names":3,"comments":1,"pivot_tables":0},"unopened":[],"bounds":{"document_bytes":16777216,"sheet_cells":100000,"rows_first":2000,"rows_last":500,"rows_between":2000,"halvings":0,"cell_chars":16384,"cell_head_chars":4096},"cells_cut":0,"cells_raw":0,"read":"whole","date_system":"1900"}

{"sheet":"Formato","index":0,"n_rows":146,"n_cols":17,"rows_kept":146,"cut":false,"hidden":false,"merged":[[144,10,145,14],[144,1,144,3],[144,6,144,8],[145,1,145,3],[145,4,145,5],[145,6,145,8],[132,0,132,17],[136,1,136,4],[136,5,136,7],[136,8,136,11],[137,1,137,4],[137,5,137,7],[137,8,137,11],[134,1,134,4],[139,1,139,3],[139,11,141,13],[142,11,142,13],[142,1,142,3],[142,6,142,8],[134,5,134,7],[134,8,134,11],[135,1,135,4],[135,5,135,7],[135,8,135,11],[37,16,37,17],[129,6,129,7],[129,8,129,9],[37,10,37,11],[37,2,37,3],[37,8,37,9],[38,2,38,3],[38,8,38,9],[38,10,38,11],[38,16,38,17],[39,2,39,3],[39,8,39,9],[39,10,39,11],[39,16,39,17],[40,2,40,3],[40,8,40,9],[40,10,40,11],[40,16,40,17],[43,2,43,3],[43,8,43,9],[43,10,43,11],[43,16,43,17],[44,2,44,3],[44,8,44,9],[35,1,35,9],[29,1,29,2],[29,4,29,5],[29,9,29,10],[33,0,33,17],[35,0,36,0],[36,8,36,9],[36,2,36,3],[36,16,36,17],[36,10,36,11],[35,10,35,17],[29,6,29,8],[29,11,29,13],[27,9,27,10],[21,1,21,13],[7,3,7,9],[9,1,9,2],[9,3,9,7],[7,12,7,13],[23,1,23,2],[23,4,23,8],[19,1,19,13],[27,1,27,2],[27,11,27,13],[17,1,17,13],[27,4,27,8],[15,1,15,2],[1,1,1,13],[7,1,7,2],[11,1,11,2],[23,9,23,13],[25,1,25,2],[25,4,25,5],[25,6,25,8],[25,9,25,10],[25,11,25,13],[11,3,11,9],[9,10,9,11],[9,12,9,13],[2,1,2,13],[13,1,13,13],[4,1,5,3],[4,10,5,11],[4,7,5,9],[4,4,5,5],[15,3,15,7],[44,10,44,11],[44,16,44,17],[41,2,41,3],[41,8,41,9],[41,10,41,11],[41,16,41,17],[42,2,42,3],[42,8,42,9],[42,10,42,11],[42,16,42,17],[47,2,47,3],[47,8,47,9],[47,10,47,11],[47,16,47,17],[48,2,48,3],[48,8,48,9],[48,10,48,11],[48,16,48,17],[45,2,45,3],[45,8,45,9],[45,10,45,11],[45,16,45,17],[46,2,46,3],[46,8,46,9],[46,10,46,11],[46,16,46,17],[51,2,51,3],[51,8,51,9],[51,10,51,11],[51,16,51,17],[52,2,52,3],[52,8,52,9],[52,10,52,11],[52,16,52,17],[49,2,49,3],[49,8,49,9],[49,10,49,11],[49,16,49,17],[50,2,50,3],[50,8,50,9],[50,10,50,11],[50,16,50,17],[55,2,55,3],[55,8,55,9],[55,10,55,11],[55,16,55,17],[56,2,56,3],[56,8,56,9],[56,10,56,11],[56,16,56,17],[53,2,53,3],[53,8,53,9],[53,10,53,11],[53,16,53,17],[54,2,54,3],[54,8,54,9],[54,10,54,11],[54,16,54,17],[59,2,59,3],[59,8,59,9],[59,10,59,11],[59,16,59,17],[60,2,60,3],[60,8,60,9],[60,10,60,11],[60,16,60,17],[57,2,57,3],[57,8,57,9],[57,10,57,11],[57,16,57,17],[58,2,58,3],[58,8,58,9],[58,10,58,11],[58,16,58,17],[63,2,63,3],[63,8,63,9],[63,10,63,11],[63,16,63,17],[64,2,64,3],[64,8,64,9],[64,10,64,11],[64,16,64,17],[61,2,61,3],[61,8,61,9],[61,10,61,11],[61,16,61,17],[62,2,62,3],[62,8,62,9],[62,10,62,11],[62,16,62,17],[67,2,67,3],[67,8,67,9],[67,10,67,11],[67,16,67,17],[68,2,68,3],[68,8,68,9],[68,10,68,11],[68,16,68,17],[65,2,65,3],[65,8,65,9],[65,10,65,11],[65,16,65,17],[66,2,66,3],[66,8,66,9],[66,10,66,11],[66,16,66,17],[71,2,71,3],[71,8,71,9],[71,10,71,11],[71,16,71,17],[72,2,72,3],[72,8,72,9],[72,10,72,11],[72,16,72,17],[69,2,69,3],[69,8,69,9],[69,10,69,11],[69,16,69,17],[70,2,70,3],[70,8,70,9],[70,10,70,11],[70,16,70,17],[75,2,75,3],[75,8,75,9],[75,10,75,11],[75,16,75,17],[76,2,76,3],[76,8,76,9],[76,10,76,11],[76,16,76,17],[73,2,73,3],[73,8,73,9],[73,10,73,11],[73,16,73,17],[74,2,74,3],[74,8,74,9],[74,10,74,11],[74,16,74,17],[79,2,79,3],[79,8,79,9],[79,10,79,11],[79,16,79,17],[80,2,80,3],[80,8,80,9],[80,10,80,11],[80,16,80,17],[77,2,77,3],[77,8,77,9],[77,10,77,11],[77,16,77,17],[78,2,78,3],[78,8,78,9],[78,10,78,11],[78,16,78,17],[83,2,83,3],[83,8,83,9],[83,10,83,11],[83,16,83,17],[84,2,84,3],[84,8,84,9],[84,10,84,11],[84,16,84,17],[81,2,81,3],[81,8,81,9],[81,10,81,11],[81,16,81,17],[82,2,82,3],[82,8,82,9],[82,10,82,11],[82,16,82,17],[87,2,87,3],[87,8,87,9],[87,10,87,11],[87,16,87,17],[88,2,88,3],[88,8,88,9],[88,10,88,11],[88,16,88,17],[85,2,85,3],[85,8,85,9],[85,10,85,11],[85,16,85,17],[86,2,86,3],[86,8,86,9],[86,10,86,11],[86,16,86,17],[91,2,91,3],[91,8,91,9],[91,10,91,11],[91,16,91,17],[92,2,92,3],[92,8,92,9],[92,10,92,11],[92,16,92,17],[89,2,89,3],[89,8,89,9],[89,10,89,11],[89,16,89,17],[90,2,90,3],[90,8,90,9],[90,10,90,11],[90,16,90,17],[95,2,95,3],[95,8,95,9],[95,10,95,11],[95,16,95,17],[96,2,96,3],[96,8,96,9],[96,10,96,11],[96,16,96,17],[93,2,93,3],[93,8,93,9],[93,10,93,11],[93,16,93,17],[94,2,94,3],[94,8,94,9],[94,10,94,11],[94,16,94,17],[99,2,99,3],[99,8,99,9],[99,10,99,11],[99,16,99,17],[100,2,100,3],[100,8,100,9],[100,10,100,11],[100,16,100,17],[97,2,97,3],[97,8,97,9],[97,10,97,11],[97,16,97,17],[98,2,98,3],[98,8,98,9],[98,10,98,11],[98,16,98,17],[103,2,103,3],[103,8,103,9],[103,10,103,11],[103,16,103,17],[104,2,104,3],[104,8,104,9],[104,10,104,11],[104,16,104,17],[101,2,101,3],[101,8,101,9],[101,10,101,11],[101,16,101,17],[102,2,102,3],[102,8,102,9],[102,10,102,11],[102,16,102,17],[107,2,107,3],[107,8,107,9],[107,10,107,11],[107,16,107,17],[108,2,108,3],[108,8,108,9],[108,10,108,11],[108,16,108,17],[105,2,105,3],[105,8,105,9],[105,10,105,11],[105,16,105,17],[106,2,106,3],[106,8,106,9],[106,10,106,11],[106,16,106,17],[111,2,111,3],[111,8,111,9],[111,10,111,11],[111,16,111,17],[112,2,112,3],[112,8,112,9],[112,10,112,11],[112,16,112,17],[109,2,109,3],[109,8,109,9],[109,10,109,11],[109,16,109,17],[110,2,110,3],[110,8,110,9],[110,10,110,11],[110,16,110,17],[115,2,115,3],[115,8,115,9],[115,10,115,11],[115,16,115,17],[116,2,116,3],[116,8,116,9],[116,10,116,11],[116,16,116,17],[113,2,113,3],[113,8,113,9],[113,10,113,11],[113,16,113,17],[114,2,114,3],[114,8,114,9],[114,10,114,11],[114,16,114,17],[119,2,119,3],[119,8,119,9],[119,10,119,11],[119,16,119,17],[120,2,120,3],[120,8,120,9],[120,10,120,11],[120,16,120,17],[117,2,117,3],[117,8,117,9],[117,10,117,11],[117,16,117,17],[118,2,118,3],[118,8,118,9],[118,10,118,11],[118,16,118,17],[123,2,123,3],[123,8,123,9],[123,10,123,11],[123,16,123,17],[124,2,124,3],[124,8,124,9],[124,10,124,11],[124,16,124,17],[121,2,121,3],[121,8,121,9],[121,10,121,11],[121,16,121,17],[122,2,122,3],[122,8,122,9],[122,10,122,11],[122,16,122,17],[127,2,127,3],[127,8,127,9],[127,10,127,11],[127,16,127,17],[125,2,125,3],[125,8,125,9],[125,10,125,11],[125,16,125,17],[126,2,126,3],[126,8,126,9],[126,10,126,11],[126,16,126,17]]}
[]
[null,"FORMATO PARA MODIFICACIÓN DE ÓRDENES DE COMPRA"]
[null,"Tienda Virtual del Estado Colombiano"]
[]
[null,"Número de Orden de Compra a modificar:",null,null,6293,null,null,"Número de modificación de la Orden de Compra:",null,null,2]
[]
[]
[null,"Entidad Compradora:",null,"COLOMBIA COMPRA EFICIENTE",null,null,null,null,null,null,null,"NIT:",900514813]
[]
[null,"Nombre del solicitante:",null,"KAREN DAYANA CORREDOR SUAREZ",null,null,null,null,null,null,"Teléfono de contacto:",null,7956600]
[]
[null,"Proveedor :",null,"IFX Networks Colombia SAS"]
[]
[null,"Sección 1: Tipo de acción"]
[]
[null,"Tipo",null,"Modificación de la Orden de Compra"]
[]
[null,"Sección 2: Justificación de la modificación o de las acciones a realizar"]
[]
[null,"Colombia Compra Eficiente requiere unificar y modificar la capacidades de la infraestructura que soporta el SECOP II con el fin que la aplicación responda al plan de despliegue para del año 2016.            \n"]
[]
[null,"Sección 3:  Modificación información general"]
[]
[null,"Nombre del campo",null,"¿Requiere modificación Si/No?","Datos actuales",null,null,null,null,"Nuevos datos"]
[]
[null,"Actualizar supervisor",null,"NO","Nombre del supervisor actual",null,null,null,null,"Nombre nuevo supervisor"]
[]
[null,"Fecha de vencimiento",null,"NO","   La fecha vencimiento actual se tomará de la TVEC al momento del cambio",null,null,null,null,"Nueva fecha de vencimiento"]
[]
[null,"Dirección y/o teléfono",null,"NO","Dirección / teléfono actual",null,null,null,null,"Nueva dirección / teléfono"]
[]
[]
[]
["Sección 4: Modificación de artículos y servicios"]
[]
["Tipo de modificación","Información actual",null,null,null,null,null,null,null,null,"Nueva información"]
[null,"Número de la línea según O.C.","Nombre del artículo",null,"Cantidad","Unidad de medida","Precio unitario","Total","Información presupuestal",null,"Nombre del artículo",null,"Cantidad","Unidad de medida","Precio unitario","Total","Información presupuestal"]
["Modificación de artículo o servicio",14,"2.9-Servidor_Grande-Hosting_virtual-Oro-Tipo 1 - 2 Und",null,32,"Semana",98810,{"$f":"ROUND(E38*G38, 2)","v":3161920},1716,null,{"$f":"C38","v":"2.9-Servidor_Grande-Hosting_virtual-Oro-Tipo 1 - 2 Und"},null,8,"Mes",1059062.8600000001,{"$f":"ROUND(M38*O38, 2)","v":8472502.8800000008},1716]
["Agregar nuevo artículo o servicio","No aplica","No aplica",null,"No aplica","No aplica","No aplica",0,"No aplica",null,"2.9-Servidor_Grande-Hosting_virtual-Plata-Tipo 1 - 1 Und",null,8,"Mes",534391.61,4275132.88,10516]
["Modificación de artículo o servicio",20,"3.5-Almacenamiento_en_SAN_Optimizado_Base_de_Datos-Hosting_virtual-Oro-Tipo 1 - 40 GB",null,240,"Día",6070,{"$f":"ROUND(E40*G40, 2)","v":1456800},1716,null,"3.3-Almacenamiento_en_SAN_Optimizado-Hosting_virtual-Oro-Tipo 1 - 10000 GB",null,8,"Mes",9333462.8599999994,74667702.879999995,1716]
["Modificación de artículo o servicio",42,"3.7-Almacenamiento_para_Backup-Hosting_virtual-Oro-Tipo 1 - 600 GB",null,240,"Día",12460,{"$f":"ROUND(E41*G41, 2)","v":2990400},1716,null,"3.7-Almacenamiento_para_Backup-Hosting_virtual-Oro-Tipo 1 - 12000 GB",null,8,"Mes",9415962.8599999994,75327702.879999995,1716]
["Modificación de artículo o servicio",41,"3.9-Tareas_de_Backup-Hosting_virtual-Oro-Tipo 1 - 1 Und",null,32,"Semana",23530,{"$f":"ROUND(E42*G42, 2)","v":752960},1716,null,"3.9-Tareas_de_Backup-Hosting_virtual-Oro-Tipo 1 - 128 Und",null,8,"Mes",15130162.859999999,121041302.88,1716]
["Modificación de artículo o servicio",40,"4.0-DNS_Dedicado-Hosting_físico-Oro-Tipo 1 - 1 Und",null,240,"Día",16560,{"$f":"ROUND(E43*G43, 2)","v":3974400},1716,null,{"$f":"C43","v":"4.0-DNS_Dedicado-Hosting_físico-Oro-Tipo 1 - 1 Und"},null,8,"Mes",691962.86,5535702.8799999999,1716]
["Modificación de artículo o servicio",43,"4.1-Balanceador_de_Carga_Dedicado-Hosting_físico-Oro-Tipo 1 - 2 Und",null,240,"Día",42150,{"$f":"ROUND(E44*G44, 2)","v":10116000},1716,null,{"$f":"C44","v":"4.1-Balanceador_de_Carga_Dedicado-Hosting_físico-Oro-Tipo 1 - 2 Und"},null,8,"Mes",3232212.86,25857702.879999999,1716]
["Agregar nuevo artículo o servicio","No aplica","No aplica",null,"No aplica","No aplica","No aplica",0,"No aplica",null,"4.1-Balanceador_de_Carga_Dedicado-Hosting_físico-Plata-Tipo 1 - 2 Und",null,8,"Mes",2600197.86,20801582.879999999,1716]
["Modificación de artículo o servicio",45,"4.4-Firewall_de_Red_Dedicado_Mediana_Capacidad-Hosting_físico-Oro-Tipo 1 - 1 Und",null,240,"Día",38220,{"$f":"ROUND(E46*G46, 2)","v":9172800},1716,null,{"$f":"C46","v":"4.4-Firewall_de_Red_Dedicado_Mediana_Capacidad-Hosting_físico-Oro-Tipo 1 - 1 Und"},null,8,"Mes",1504212.86,12033702.880000001,1716]
["Modificación de artículo o servicio",44,"4.7-Database_Firewall_Mediana_Capacidad-Hosting_físico-Oro-Tipo 1 - 1 Und",null,240,"Día",131860,{"$f":"ROUND(E47*G47, 2)","v":31646400},1716,null,{"$f":"C47","v":"4.7-Database_Firewall_Mediana_Capacidad-Hosting_físico-Oro-Tipo 1 - 1 Und"},null,8,"Mes",5015712.8600000003,40125702.880000003,1716]
["Agregar nuevo artículo o servicio","No aplica","No aplica",null,"No aplica","No aplica","No aplica",0,"No aplica",null,"5.177-Base_de_Datos_SQL_Server-Hosting_virtual-Oro-Tipo 1 - 3 Und",null,8,"Mes",7406334.4800000004,59250675.840000004,1716]
["Modificación de artículo o servicio",34,"5.175-Base_de_Datos_SQL_Server-Hosting_virtual-Plata-Tipo 1 - 1 Und",null,240,"Día",26230,{"$f":"ROUND(E49*G49, 2)","v":6295200},1716,null,"5.175-Base_de_Datos_SQL_Server-Hosting_virtual-Plata-Tipo 1 - 2 Und",null,8,"Mes",2038212.86,16305702.880000001,1716]
["Agregar nuevo artículo o servicio","No aplica","No aplica",null,"No aplica","No aplica","No aplica",0,"No aplica",null,"5.18-Active_Directory-Hosting_virtual-Oro-Tipo 1 - 2 Und",null,8,"Mes",503523.64,4028189.12,1716]
["Agregar nuevo artículo o servicio","No aplica","No aplica",null,"No aplica","No aplica","No aplica",0,"No aplica",null,"5.20-Active_Directory-Hosting_virtual-Plata-Tipo 1 - 1 Und",null,8,"Mes",514919.42,4119355.36,10516]
["Agregar nuevo artículo o servicio","No aplica","No aplica",null,"No aplica","No aplica","No aplica",0,"No aplica",null,"5.3-Windows_IIS-Hosting_virtual-Oro-Tipo 1 - 6 Und",null,8,"Mes",1368645.36,10949162.880000001,1716]
["Modificación de artículo o servicio",29,"5.3-Windows_IIS-Hosting_virtual-Plata-Tipo 1 - 1 Und",null,240,"Día",5410,{"$f":"ROUND(E53*G53, 2)","v":1298400},1716,null,"5.3-Windows_IIS-Hosting_virtual-Plata-Tipo 1 - 2 Und",null,8,"Mes",476712.86,3813702.88,1716]
["Modificación de artículo o servicio",6,"5.5-Windows_IIS-Hosting_virtual-Oro-Tipo 1 - 1 Und",null,240,"Día",13170,3160800,1716,null,"5.5-Windows_IIS-Hosting_virtual-Oro-Tipo 1 - 2 Und",null,8,"Mes",1058712.8554495084,8469702.8399999999,1716]
["Modificación de artículo o servicio",25,"5.5-Windows_IIS-Hosting_virtual-Plata-Tipo 1 - 1 Und",null,240,"Día",11830,2839200,1716,null,"5.5-Windows_IIS-Hosting_virtual-Plata-Tipo 1 - 8 Und",null,8,"Mes",3484962.8554495084,27879702.84,1716]
["Modificación de artículo o servicio",1,"5.7-Windows_IIS-Hosting_virtual-Oro-Tipo 1 - 7 Und",null,240,"Día",237530,57007200,1716,null,"5.7-Windows_IIS-Hosting_virtual-Oro-Tipo 1 - 11 Und",null,8,"Mes",14068462.855449509,112547702.84,1716]
["Modificación de artículo o servicio",3,"6.10-Memoria_RAM_Adicional-Hosting_virtual-Oro-Tipo 1 - 48 Und",null,240,"Día",7290,1749600,1716,null,"6.10-Memoria_RAM_Adicional-Hosting_virtual-Oro-Tipo 1 - 336 Und",null,8,"Mes",1984587.8554495082,15876702.84,1716]
["Modificación de artículo o servicio",24,"6.10-Memoria_RAM_Adicional-Hosting_virtual-Plata-Tipo 1 - 32 Und",null,240,"Día",4860,1166400,1716,null,"6.10-Memoria_RAM_Adicional-Hosting_virtual-Plata-Tipo 1 - 99 Und",null,8,"Mes",634798.79294950829,5078390.34,1716]
["Eliminar artículo o servicio",2,"5.7-Windows_IIS-Hosting_virtual-Oro-Tipo 1 - 6 Und",null,240,"Día",203600,48864000,1716,null,"No aplica",null,"No aplica","No aplica","No aplica",0,"No aplica"]
["Eliminar artículo o servicio",4,"5.7-Windows_IIS-Hosting_virtual-Oro-Tipo 1 - 3 Und",null,240,"Día",101800,24432000,1716,null,"No aplica",null,"No aplica","No aplica","No aplica",0,"No aplica"]
["Eliminar artículo o servicio",5,"5.7-Windows_IIS-Hosting_virtual-Oro-Tipo 1 - 3 Und",null,240,"Día",101800,24432000,1716,null,"No aplica",null,"No aplica","No aplica","No aplica",0,"No aplica"]
["Eliminar artículo o servicio",7,"5.7-Windows_IIS-Hosting_virtual-Oro-Tipo 1 - 4 Und",null,240,"Día",135730,32575200,1716,null,"No aplica",null,"No aplica","No aplica","No aplica",0,"No aplica"]
["Eliminar artículo o servicio",8,"6.10-Memoria_RAM_Adicional-Hosting_virtual-Oro-Tipo 1 - 32 Und",null,240,"Día",4860,1166400,1716,null,"No aplica",null,"No aplica","No aplica","No aplica",0,"No aplica"]
["Eliminar artículo o servicio",9,"5.20-Active_Directory-Hosting_virtual-Oro-Tipo 1 - 2 Und",null,240,"Día",26340,6321600,1716,null,"No aplica",null,"No aplica","No aplica","No aplica",0,"No aplica"]
["Eliminar artículo o servicio",10,"5.5-Windows_IIS-Hosting_virtual-Oro-Tipo 1 - 1 Und",null,240,"Día",13170,3160800,1716,null,"No aplica",null,"No aplica","No aplica","No aplica",0,"No aplica"]
["Eliminar artículo o servicio",11,"5.5-Windows_IIS-Hosting_virtual-Oro-Tipo 1 - 1 Und",null,240,"Día",13170,3160800,1716,null,"No aplica",null,"No aplica","No aplica","No aplica",0,"No aplica"]
["Eliminar artículo o servicio",12,"5.7-Windows_IIS-Hosting_virtual-Oro-Tipo 1 - 1 Und",null,240,"Día",33930,8143200,1716,null,"No aplica",null,"No aplica","No aplica","No aplica",0,"No aplica"]
["Eliminar artículo o servicio",13,"5.5-Windows_IIS-Hosting_virtual-Oro-Tipo 1 - 1 Und",null,240,"Día",13170,3160800,1716,null,"No aplica",null,"No aplica","No aplica","No aplica",0,"No aplica"]
["Eliminar artículo o servicio",15,"2.13-Servidor_Extra_Grande-Hosting_virtual-Oro-Tipo 1 - 1 Und",null,240,"Día",254500,61080000,1716,null,"No aplica",null,"No aplica","No aplica","No aplica",0,"No aplica"]
["Eliminar artículo o servicio",16,"5.181-Base_de_Datos_SQL_Server-Hosting_virtual-Oro-Tipo 1 - 2 Und",null,240,"Día",130780,31387200,1716,null,"No aplica",null,"No aplica","No aplica","No aplica",0,"No aplica"]
["Eliminar artículo o servicio",17,"6.10-Memoria_RAM_Adicional-Hosting_virtual-Oro-Tipo 1 - 448 Und",null,240,"Día",68070,16336800,1716,null,"No aplica",null,"No aplica","No aplica","No aplica",0,"No aplica"]
["Eliminar artículo o servicio",18,"5.181-Base_de_Datos_SQL_Server-Hosting_virtual-Oro-Tipo 1 - 1 Und",null,240,"Día",65390,15693600,1716,null,"No aplica",null,"No aplica","No aplica","No aplica",0,"No aplica"]
["Eliminar artículo o servicio",19,"6.10-Memoria_RAM_Adicional-Hosting_virtual-Oro-Tipo 1 - 32 Und",null,240,"Día",4860,1166400,1716,null,"No aplica",null,"No aplica","No aplica","No aplica",0,"No aplica"]
["Eliminar artículo o servicio",21,"3.5-Almacenamiento_en_SAN_Optimizado_Base_de_Datos-Hosting_virtual-Oro-Tipo 1 - 15 GB",null,240,"Día",2270,544800,1716,null,"No aplica",null,"No aplica","No aplica","No aplica",0,"No aplica"]
["Eliminar artículo o servicio",22,"3.3-Almacenamiento_en_SAN_Optimizado-Hosting_virtual-Oro-Tipo 1 - 100 GB",null,240,"Día",2470,592800,1716,null,"No aplica",null,"No aplica","No aplica","No aplica",0,"No aplica"]
["Eliminar artículo o servicio",23,"5.7-Windows_IIS-Hosting_virtual-Plata-Tipo 1 - 4 Und",null,240,"Día",117250,28140000,1716,null,"No aplica",null,"No aplica","No aplica","No aplica",0,"No aplica"]
["Eliminar artículo o servicio",26,"5.7-Windows_IIS-Hosting_virtual-Plata-Tipo 1 - 1 Und",null,240,"Día",29310,7034400,1716,null,"No aplica",null,"No aplica","No aplica","No aplica",0,"No aplica"]
["Eliminar artículo o servicio",27,"6.10-Memoria_RAM_Adicional-Hosting_virtual-Plata-Tipo 1 - 8 Und",null,240,"Día",1210,290400,1716,null,"No aplica",null,"No aplica","No aplica","No aplica",0,"No aplica"]
["Eliminar artículo o servicio",28,"5.18-Active_Directory-Hosting_virtual-Plata-Tipo 1 - 1 Und",null,240,"Día",5410,1298400,1716,null,"No aplica",null,"No aplica","No aplica","No aplica",0,"No aplica"]
["Eliminar artículo o servicio",30,"5.3-Windows_IIS-Hosting_virtual-Plata-Tipo 1 - 1 Und",null,240,"Día",5410,1298400,1716,null,"No aplica",null,"No aplica","No aplica","No aplica",0,"No aplica"]
["Eliminar artículo o servicio",31,"5.5-Windows_IIS-Hosting_virtual-Plata-Tipo 1 - 1 Und",null,240,"Día",11830,2839200,1716,null,"No aplica",null,"No aplica","No aplica","No aplica",0,"No aplica"]
["Eliminar artículo o servicio",32,"5.5-Windows_IIS-Hosting_virtual-Plata-Tipo 1 - 1 Und",null,240,"Día",11830,2839200,1716,null,"No aplica",null,"No aplica","No aplica","No aplica",0,"No aplica"]
["Eliminar artículo o servicio",33,"6.10-Memoria_RAM_Adicional-Hosting_virtual-Plata-Tipo 1 - 4 Und",null,240,"Día",600,144000,1716,null,"No aplica",null,"No aplica","No aplica","No aplica",0,"No aplica"]
["Eliminar artículo o servicio",34,"5.181-Base_de_Datos_SQL_Server-Hosting_virtual-Plata-Tipo 1 - 1 Und",null,240,"Día",49090,11781600,1716,null,"No aplica",null,"No aplica","No aplica","No aplica",0,"No aplica"]
["Eliminar artículo o servicio",36,"6.10-Memoria_RAM_Adicional-Hosting_virtual-Plata-Tipo 1 - 4 Und",null,240,"Día",600,{"$f":"ROUND(E85*G85, 2)","v":144000},1716,null,"No aplica",null,"No aplica","No aplica","No aplica",0,"No aplica"]
["Eliminar artículo o servicio",37,"3.5-Almacenamiento_en_SAN_Optimizado_Base_de_Datos-Hosting_virtual-Plata-Tipo 1 - 5 GB",null,240,"Día",560,134400,1716,null,"No aplica",null,"No aplica","No aplica","No aplica",0,"No aplica"]
["Eliminar artículo o servicio",38,"3.5-Almacenamiento_en_SAN_Optimizado_Base_de_Datos-Hosting_virtual-Plata-Tipo 1 - 1 GB",null,240,"Día",110,26400,1716,null,"No aplica",null,"No aplica","No aplica","No aplica",0,"No aplica"]
["Eliminar artículo o servicio",39,"3.3-Almacenamiento_en_SAN_Optimizado-Hosting_virtual-Plata-Tipo 1 - 5 GB",null,240,"Día",100,24000,1716,null,"No aplica",null,"No aplica","No aplica","No aplica",0,"No aplica"]
["Eliminar artículo o servicio",47,"5.017-Certificado_Digital_validación_extendida_1_año--Oro-Tipo 2 - 8 Und",null,1,"Anual",15573780,15573780,1716,null,"No aplica",null,"No aplica","No aplica","No aplica",0,"No aplica"]
["Eliminar artículo o servicio",63,"5.7-Windows_IIS-Hosting_virtual-Oro-Tipo 1 - 7 Und",null,140,"Día",237530,33254200,5516,null,"No aplica",null,"No aplica","No aplica","No aplica",0,"No aplica"]
["Eliminar artículo o servicio",64,"5.7-Windows_IIS-Hosting_virtual-Oro-Tipo 1 - 6 Und",null,140,"Día",203600,28504000,5516,null,"No aplica",null,"No aplica","No aplica","No aplica",0,"No aplica"]
["Eliminar artículo o servicio",65,"6.10-Memoria_RAM_Adicional-Hosting_virtual-Oro-Tipo 1 - 48 Und",null,140,"Día",7290,1020600,5516,null,"No aplica",null,"No aplica","No aplica","No aplica",0,"No aplica"]
["Eliminar artículo o servicio",66,"5.7-Windows_IIS-Hosting_virtual-Oro-Tipo 1 - 3 Und",null,140,"Día",101800,14252000,5516,null,"No aplica",null,"No aplica","No aplica","No aplica",0,"No aplica"]
["Eliminar artículo o servicio",67,"5.7-Windows_IIS-Hosting_virtual-Oro-Tipo 1 - 3 Und",null,140,"Día",101800,14252000,5516,null,"No aplica",null,"No aplica","No aplica","No aplica",0,"No aplica"]
["Eliminar artículo o servicio",68,"5.5-Windows_IIS-Hosting_virtual-Oro-Tipo 1 - 1 Und",null,140,"Día",13170,1843800,5516,null,"No aplica",null,"No aplica","No aplica","No aplica",0,"No aplica"]
["Eliminar artículo o servicio",69,"5.7-Windows_IIS-Hosting_virtual-Oro-Tipo 1 - 4 Und",null,140,"Día",135730,19002200,5516,null,"No aplica",null,"No aplica","No aplica","No aplica",0,"No aplica"]
["Eliminar artículo o servicio",70,"6.10-Memoria_RAM_Adicional-Hosting_virtual-Oro-Tipo 1 - 32 Und",null,140,"Día",4860,680400,5516,null,"No aplica",null,"No aplica","No aplica","No aplica",0,"No aplica"]
["Eliminar artículo o servicio",71,"5.5-Windows_IIS-Hosting_virtual-Oro-Tipo 1 - 1 Und",null,140,"Día",13170,1843800,5516,null,"No aplica",null,"No aplica","No aplica","No aplica",0,"No aplica"]
["Eliminar artículo o servicio",72,"5.5-Windows_IIS-Hosting_virtual-Oro-Tipo 1 - 1 Und",null,140,"Día",13170,1843800,5516,null,"No aplica",null,"No aplica","No aplica","No aplica",0,"No aplica"]
["Eliminar artículo o servicio",73,"5.7-Windows_IIS-Hosting_virtual-Oro-Tipo 1 - 1 Und",null,140,"Día",33930,4750200,5516,null,"No aplica",null,"No aplica","No aplica","No aplica",0,"No aplica"]
["Eliminar artículo o servicio",74,"5.5-Windows_IIS-Hosting_virtual-Oro-Tipo 1 - 1 Und",null,140,"Día",13170,1843800,5516,null,"No aplica",null,"No aplica","No aplica","No aplica",0,"No aplica"]
["Eliminar artículo o servicio",75,"2.9-Servidor_Grande-Hosting_virtual-Oro-Tipo 1 - 1 Und",null,20,"Semana",98810,1976200,5516,null,"No aplica",null,"No aplica","No aplica","No aplica",0,"No aplica"]
["Eliminar artículo o servicio",76,"2.13-Servidor_Extra_Grande-Hosting_virtual-Oro-Tipo 1 - 1 Und",null,20,"Semana",254500,5090000,5516,null,"No aplica",null,"No aplica","No aplica","No aplica",0,"No aplica"]
["Eliminar artículo o servicio",77,"5.181-Base_de_Datos_SQL_Server-Hosting_virtual-Oro-Tipo 1 - 2 Und",null,140,"Día",130780,18309200,5516,null,"No aplica",null,"No aplica","No aplica","No aplica",0,"No aplica"]
["Eliminar artículo o servicio",78,"6.10-Memoria_RAM_Adicional-Hosting_virtual-Oro-Tipo 1 - 448 Und",null,140,"Día",68070,9529800,5516,null,"No aplica",null,"No aplica","No aplica","No aplica",0,"No aplica"]
["Eliminar artículo o servicio",79,"5.181-Base_de_Datos_SQL_Server-Hosting_virtual-Oro-Tipo 1 - 1 Und",null,140,"Día",65390,9154600,5516,null,"No aplica",null,"No aplica","No aplica","No aplica",0,"No aplica"]
["Eliminar artículo o servicio",80,"6.10-Memoria_RAM_Adicional-Hosting_virtual-Oro-Tipo 1 - 32 Und",null,140,"Día",4860,680400,5516,null,"No aplica",null,"No aplica","No aplica","No aplica",0,"No aplica"]
["Eliminar artículo o servicio",81,"3.5-Almacenamiento_en_SAN_Optimizado_Base_de_Datos-Hosting_virtual-Oro-Tipo 1 - 40 GB",null,140,"Día",6070,849800,5516,null,"No aplica",null,"No aplica","No aplica","No aplica",0,"No aplica"]
["Eliminar artículo o servicio",82,"3.5-Almacenamiento_en_SAN_Optimizado_Base_de_Datos-Hosting_virtual-Oro-Tipo 1 - 15 GB",null,140,"Día",2270,317800,5516,null,"No aplica",null,"No aplica","No aplica","No aplica",0,"No aplica"]
["Eliminar artículo o servicio",83,"3.3-Almacenamiento_en_SAN_Optimizado-Hosting_virtual-Oro-Tipo 1 - 100 GB",null,140,"Día",2470,345800,5516,null,"No aplica",null,"No aplica","No aplica","No aplica",0,"No aplica"]
["Eliminar artículo o servicio",84,"5.7-Windows_IIS-Hosting_virtual-Plata-Tipo 1 - 4 Und",null,140,"Día",117250,16415000,5516,null,"No aplica",null,"No aplica","No aplica","No aplica",0,"No aplica"]
["Eliminar artículo o servicio",85,"6.10-Memoria_RAM_Adicional-Hosting_virtual-Plata-Tipo 1 - 32 Und",null,140,"Día",4860,680400,5516,null,"No aplica",null,"No aplica","No aplica","No aplica",0,"No aplica"]
["Eliminar artículo o servicio",86,"5.5-Windows_IIS-Hosting_virtual-Plata-Tipo 1 - 1 Und",null,140,"Día",11830,1656200,5516,null,"No aplica",null,"No aplica","No aplica","No aplica",0,"No aplica"]
["Eliminar artículo o servicio",87,"5.7-Windows_IIS-Hosting_virtual-Plata-Tipo 1 - 1 Und",null,140,"Día",29310,4103400,5516,null,"No aplica",null,"No aplica","No aplica","No aplica",0,"No aplica"]
["Eliminar artículo o servicio",88,"6.10-Memoria_RAM_Adicional-Hosting_virtual-Plata-Tipo 1 - 8 Und",null,140,"Día",1210,169400,5516,null,"No aplica",null,"No aplica","No aplica","No aplica",0,"No aplica"]
["Eliminar artículo o servicio",89,"5.3-Windows_IIS-Hosting_virtual-Plata-Tipo 1 - 1 Und",null,140,"Día",5410,757400,5516,null,"No aplica",null,"No aplica","No aplica","No aplica",0,"No aplica"]
["Eliminar artículo o servicio",90,"5.3-Windows_IIS-Hosting_virtual-Plata-Tipo 1 - 1 Und",null,140,"Día",5410,{"$f":"ROUND(E117*G117, 2)","v":757400},5516,null,"No aplica",null,"No aplica","No aplica","No aplica",0,"No aplica"]
["Eliminar artículo o servicio",91,"5.5-Windows_IIS-Hosting_virtual-Plata-Tipo 1 - 1 Und",null,140,"Día",11830,1656200,5516,null,"No aplica",null,"No aplica","No aplica","No aplica",0,"No aplica"]
["Eliminar artículo o servicio",92,"5.5-Windows_IIS-Hosting_virtual-Plata-Tipo 1 - 1 Und",null,140,"Día",11830,1656200,5516,null,"No aplica",null,"No aplica","No aplica","No aplica",0,"No aplica"]
["Eliminar artículo o servicio",93,"6.10-Memoria_RAM_Adicional-Hosting_virtual-Plata-Tipo 1 - 4 Und",null,140,"Día",600,84000,5516,null,"No aplica",null,"No aplica","No aplica","No aplica",0,"No aplica"]
["Eliminar artículo o servicio",94,"5.181-Base_de_Datos_SQL_Server-Hosting_virtual-Plata-Tipo 1 - 1 Und",null,140,"Día",49090,6872600,5516,null,"No aplica",null,"No aplica","No aplica","No aplica",0,"No aplica"]
["Eliminar artículo o servicio",95,"5.175-Base_de_Datos_SQL_Server-Hosting_virtual-Plata-Tipo 1 - 1 Und",null,140,"Día",26230,3672200,5516,null,"No aplica",null,"No aplica","No aplica","No aplica",0,"No aplica"]
["Eliminar artículo o servicio",96,"6.10-Memoria_RAM_Adicional-Hosting_virtual-Plata-Tipo 1 - 4 Und",null,140,"Día",600,84000,5516,null,"No aplica",null,"No aplica","No aplica","No aplica",0,"No aplica"]
["Eliminar artículo o servicio",97,"3.5-Almacenamiento_en_SAN_Optimizado_Base_de_Datos-Hosting_virtual-Plata-Tipo 1 - 5 GB",null,140,"Día",560,78400,5516,null,"No aplica",null,"No aplica","No aplica","No aplica",0,"No aplica"]
["Eliminar artículo o servicio",98,"3.5-Almacenamiento_en_SAN_Optimizado_Base_de_Datos-Hosting_virtual-Plata-Tipo 1 - 1 GB",null,140,"Día",110,15400,5516,null,"No aplica",null,"No aplica","No aplica","No aplica",0,"No aplica"]
["Eliminar artículo o servicio",99,"3.3-Almacenamiento_en_SAN_Optimizado-Hosting_virtual-Plata-Tipo 1 - 5 GB",null,140,"Día",100,14000,5516,null,"No aplica",null,"No aplica","No aplica","No aplica",0,"No aplica"]
["Eliminar artículo o servicio",100,"3.9-Tareas_de_Backup-Hosting_virtual-Oro-Tipo 1 - 1 Und",null,20,"Semana",23530,470600,5516,null,"No aplica",null,"No aplica","No aplica","No aplica",0,"No aplica"]
["Eliminar artículo o servicio",101,"3.7-Almacenamiento_para_Backup-Hosting_virtual-Oro-Tipo 1 - 600 GB",null,140,"Día",12460,1744400,5516,null,"No aplica",null,"No aplica","No aplica","No aplica",0,"No aplica"]
[]
[null,null,null,null,null,null,"Cantidad de celdas a agregar:",null,1]
[]
[]
["Sección 5: Resultados de la modificación"]
[]
["Número de la línea según O.C.","Nombre del artículo",null,null,null,"Valores actuales",null,null,"Nuevos valores"]
[null,"Valor de la línea IVA en la Orden de Compra:",null,null,null,{"$f":"ROUND(M136, 2)","v":103659305.59999999},null,null,105033236.70999999,null,null,null,103659305.59999999]
[null,"Valor de la línea AIU en la Orden de Compra:"]
[null,"Valor de la línea gravámenes adicionales en la Orden de Compra:"]
[]
[null,null,null,null,null,null,null,null,null,null,null,"2016-07-06"]
[]
[]
[null,"Firma ordenador del gasto",null,null,null,null,"Firma de Proveedor",null,null,null,null,"Fecha de elaboración"]
[]
["Nombre:","JOSÉ CAMILO GUZMÁN SANTOS",null,null,null,"Nombre:","LUIS GABRIEL CASTELLANOS MARÍN",null,null,null,"Las partes manifestamos que este mismo documento se cargará en la plataforma en formato Excel (.xlsm) y los cambios se pueden validar con el mismo."]
["Documento de Identidad:",79553749,null,null,"Documento de Identidad:",null,79907358]

{"sheet":"Instructivo de Diligenciamiento","index":1,"n_rows":4,"n_cols":2,"rows_kept":4,"cut":false,"hidden":false,"merged":[[3,1,82,10]]}
[]
[]
[]
[null,"Instrucciones de diligenciamiento:\n\nColombia Compra Eficiente ha diseñado este formato para que las Entidades Compradoras puedan realizar aclaraciones, modificaciones o  cancelaciones de las Órdenes de Compra que estén en ejecución y vigentes, o liquidaciones  de las Órdenes de Compra que estén ejecutadas. Para ello debe indicar:\n\nDatos generales: Datos básicos como número de la Orden de Compra que requiere cambiar, número consecutivo de solicitud tenga en cuenta que la primera solicitud corresponderá a la número “1”, nombre de la Entidad Compradora, nombre de la persona que solicita las acciones, celular o número de teléfono y extensión, NIT de la Entidad Compradora y el nombre del Proveedor que ejecuta la Orden de Compra.\n\nSección 1. Tipo de acción: Las Entidades pueden solicitar cuatro tipos de acciones respecto de las Órdenes de Compra:\n\n(i) Aclaraciones: Son las indicaciones de cambio de información que no afectan el plazo, el valor o las condiciones contractuales de las Órdenes de Compra como: redacción en las condiciones de entrega, errores de digitación  o rectificación de la fecha de vencimiento. Estas aclaraciones no requieren de la aceptación del Proveedor. Sin embargo una vez realizada la aclaración en la Orden de Compra, la Entidad Compradora debe notificarle al Proveedor el cambio. \n\n(ii) Modificaciones: Son indicaciones de cambio en aumento o disminución de valor o plazo,  aumento o disminución de los bienes o servicios solicitados, cambios en las condiciones de ejecución o datos que afecten la ejecución de la Orden de Compra. Solo en los casos de cambio de supervisor y datos de notificación como dirección o teléfono se puede omitir la firma del Proveedor. Sin embargo una vez realizada la modificación, la Entidad Compradora debe notificarle al Proveedor el cambio.\n\n(iii) Cancelación: Es la manifestación de la Entidad de no ejecutar la totalidad de la Orden de Compra la cual también debe ser aceptada por el Proveedor.\n\n(iv) Liquidación: Es el ajuste formal y definitivo de las obligaciones derivadas de la Orden de Compra para establecer las acreencias pendientes a favor o en contra de cada parte de la Orden de Compra, así como para aclarar la ejecución de la misma. Se efectúa, cuando aplique, dentro de los términos establecidos en cada Acuerdo Marco de Precios. Se requiere la solicitud por parte de la Entidad Compradora firmada por el Ordenador del Gasto y el representante legal del Proveedor, así como el informe del supervisor de la Orden de Compra. \n\nSección 2.  Justificación: Las razones de la realización del cambio o la cancelación de la Orden de Compra.\n\nSección 3. Especificar las modificaciones solicitadas a la información general de la Orden de Compra o la modificación detallada de los bienes y servicios así:\n\nSección 4. Modificación o aclaración de información general: Modificaciones o aclaraciones a: (a) nombre del supervisor; (b) fecha de vencimiento de la Orden de Compra; o; (c) dirección y/o teléfono de la Entidad Compradora, en todos los campos debe diligenciar la información actual  excepto la fecha actual la cual se tomará la que este en la TVEC en la Orden de Compra y los nueva información.\n\nTenga en cuenta:\n\nLas correcciones en el plazo de ejecución son diferentes a las modificaciones en el plazo, ejemplo: la Entidad Compradora adquirió elementos con tres entregas parciales pero digitó como fecha final de la Orden de Compra la fecha de la primera entrega, para corregir esto la Entidad Compradora selecciona en tipo de acción: aclaración y en el campo de fecha de vencimiento indica la fecha correcta. En el caso que fuera cambio de fecha fin, ejemplo: prorrogar o disminuir varios meses la ejecución de la Orden de Compra se utiliza en tipo de acción: modificación.\n\nPara el desarrollo de las siguientes secciones la guia de compra de aseo y cafeteria contiene ejemplos detallados ingrese al http://www.colombiacompra.gov.co/tienda-virtual-del-estado-colombiano/servicios-generales/servicio-integral-de-aseo-y-cafeteria\n\n(ii) Modificación de los artículos y/o servicios: En esta sección la Entidad Compradora puede agregar tantas filas como artículos requiera modificar haciendo clic en el botón de Agregar registro o Eliminar registro, para cada línea seleccione:\n\n(a) Modificaciones a los artículos o servicios: Adicionar o disminuir en cantidades un producto que fue adquirido en la Orden de Compra inicial. La Entidad debe diligenciar los siete (7) campos de “información actual” y  para modificar artículos la Entidad Compradora debe diligenciar los seis (6) campos de “nueva información”.\n\n(b) Agregar nuevos artículos o servicios: Ingresar nuevos artículos que no se tenían contemplados en la Orden de Compra inicial. La Entidad Compradora debe previamente solicitarle al Proveedor el precio del artículo, el cual debe respetar lo dispuesto en el contrato correspondiente (precio techo, precio piso, etc.) y la Entidad Compradora lo debe indicar en el formato en los campos de “nueva información”.\n\n (c) Eliminar artículos o servicios: Descartar artículos que la Entidad Compradora determine que no va a requerir durante la ejecución de la Orden de Compra. Para eliminar artículos la Entidad debe diligenciar únicamente los siete (7) campos de “información actual”.\n\nTenga en cuenta:\n\n• Los valores y cantidades solo pueden tener hasta dos decimales.\n• La decisión de modificar, adicionar o combinar las dos opciones dependerá de las necesidades de cada Entidad Compradora, ejemplo si es un servicio y adicionalmente solo requiere modificar “cantidad” se recomienda seleccionar “modificación de artículo”, cuando son bienes puede modificar cualquiera de los demás campos.\n• Si requiere cambio de condiciones de un servicio ya ejecutado se recomienda modificar la línea para que se refleje la parte ejecutada y adicionar una nueva línea para las nuevas condiciones del servicio que va a ejecutar.\n\nSección 5. Resultados de la modificación: La entidad siempre debe indicar en el recuadro el valor total del IVA, AIU, gravámenes adicionales, estos campos serán los valores finales que quedarán en la Orden de Compra después de la modificación, tenga en cuenta que el campo de IVA no aplica para algunos AMP como: papelería, vehículos y SOAT y que el campo de AIU solo aplica para aseo y cafetería.\n\nFirmas del documento: El ordenador del gasto de la Entidad Compradora debe firmar el documento y enviarlo al Proveedor para que lo acepte y firme, en caso de que así se requiera. El documento firmado debe ser enviado a través del aplicativo dispuesto por   Colombia Compra Eficiente para realizar las acciones solicitadas.\n\nFecha de elaboración del documento: Corresponde a la fecha en la que la Entidad Compradora y el Proveedor llegaron a un acuerdo para realizar las acciones y se suscribe el documento, recuerde que para poder realizar modificaciones en las Órdenes de Compra las mismas se deben acordar dentro de la vigencia de la Orden de Compra. \n\nSi la Entidad Compradora requiere agregar archivos que estén relacionados con las acciones a realizar como: copia del CDP y/o aprobación de Vigencia Futura (VF) que soporta la adición, soportes documentales, correos, cartas, etc... debe publicarlos junto con el documento de modificación suscrito en un único archivo .Pdf con alta resolución de escaneo, si el documento no es legible se tomaran los cambios contenidos en el formato Excel, tenga en cuenta que Colombia Compra Eficiente únicamente publicará las modificaciones especificadas en el formato enviado por el aplicativo.\n\n"]

{"sheet":"Listas","index":2,"n_rows":5,"n_cols":3,"rows_kept":5,"cut":false,"hidden":true,"merged":[]}
["TipoDeModificacion",null,"Modificacion"]
["Modificación de la Orden de Compra",null,"Modificación de artículo o servicio"]
["Aclaración a la Orden de Compra",null,"Agregar nuevo artículo o servicio"]
["Cancelación de la Orden de Compra",null,"Eliminar artículo o servicio"]
["Liquidación de la Orden de Compra",null,"Ninguna"]